002770000a2200121000450000500170000024500340001726000360005130000100008704000080009736500090010565000130011465000280012720120302054651.0 a Sri Shankar Dev Kirtan Ghosh aLucknow:Bhuvan Vani Trust,1987. a348p. aA.H b50/- aSankirna aShankardev-Kirtan Ghosh